| 000 | nam a22 7a 4500 | ||
|---|---|---|---|
| 999 |
_c27806 _d27806 |
||
| 008 | 170210b xxu||||| |||| 00| 0 eng d | ||
| 020 | _a978149580949 | ||
| 050 | _aLB 1027.4 .P75 2011 | ||
| 100 | _aPrice, Kay M. | ||
| 245 |
_aPlanning effective instruction: _bdiversity responsive methods and management/ _cKay M. Price and Karna L. Nelson. |
||
| 260 |
_aAustralia: _bWadsworh Cengage Learning, _c2011. |
||
| 300 |
_axxiii, 312p. : _bill. ; _c27cm. |
||
| 500 | _aInclude index. | ||
| 650 | _aLesson Planning. | ||
| 700 | _aNelson, Karna. | ||
| 942 |
_2lcc _cBOOKS _01 |
||